Be real / (Record no. 10742)
[ view plain ]
| 000 -LEADER | |
|---|---|
| fixed length control field | 01138cam a2200337 a 4500 |
| 001 - CONTROL NUMBER | |
| control field | 532373 |
| 003 - CONTROL NUMBER IDENTIFIER | |
| control field | OCoLC |
| 005 - DATE AND TIME OF LATEST TRANSACTION | |
| control field | 20210303162209.0 |
| 008 - FIXED-LENGTH DATA ELEMENTS--GENERAL INFORMATION | |
| fixed length control field | 721207s1972 ilu 000 0 eng |
| 010 ## - LIBRARY OF CONGRESS CONTROL NUMBER | |
| LC control number | 72077014 |
| 020 ## - INTERNATIONAL STANDARD BOOK NUMBER | |
| International Standard Book Number | 0882070460 |
| 020 ## - INTERNATIONAL STANDARD BOOK NUMBER | |
| International Standard Book Number | 9780882070469 |
| 035 ## - SYSTEM CONTROL NUMBER | |
| System control number | (OCoLC)532373 |
| 040 ## - CATALOGING SOURCE | |
| Original cataloging agency | DLC |
| Language of cataloging | eng |
| Transcribing agency | DLC |
| Modifying agency | BTCTA |
| -- | NVS |
| -- | TUU |
| -- | OCLCO |
| -- | OCLCF |
| -- | P4I |
| -- | OCLCQ |
| -- | ICW |
| -- | MZN |
| 050 00 - LIBRARY OF CONGRESS CALL NUMBER | |
| Classification number | BV4501.2 |
| Item number | W648B |
| 082 ## - DEWEY DECIMAL CLASSIFICATION NUMBER | |
| Item number | W648B |
| 090 ## - LOCALLY ASSIGNED LC-TYPE CALL NUMBER (OCLC); LOCAL CALL NUMBER (RLIN) | |
| Classification number (OCLC) (R) ; Classification number, CALL (RLIN) (NR) | BV4501.2 |
| Local cutter number (OCLC) ; Book number/undivided call number, CALL (RLIN) | .W517 1972 |
| 100 1# - MAIN ENTRY--PERSONAL NAME | |
| Personal name | Wiersbe, Warren W |
| 245 10 - TITLE STATEMENT | |
| Title | Be real / |
| Statement of responsibility, etc. | Warren W. Wiersbe |
| 260 ## - PUBLICATION, DISTRIBUTION, ETC. | |
| Place of publication, distribution, etc. | Wheaton, Ill. : |
| Name of publisher, distributor, etc. | Victor Books, |
| Date of publication, distribution, etc. | 1972 |
| 300 ## - PHYSICAL DESCRIPTION | |
| Extent | 190 pages ; |
| Dimensions | 18 cm |
| 336 ## - CONTENT TYPE | |
| Content type term | text |
| Content type code | txt |
| Source | rdacontent |
| 337 ## - MEDIA TYPE | |
| Media type term | unmediated |
| Media type code | n |
| Source | rdamedia |
| 338 ## - CARRIER TYPE | |
| Carrier type term | volume |
| Carrier type code | nc |
| Source | rdacarrier |
| 490 1# - SERIES STATEMENT | |
| Series statement | An Input book |
| 500 ## - GENERAL NOTE | |
| General note | An Input book |
| 505 0# - FORMATTED CONTENTS NOTE | |
| Formatted contents note | It's real! -- Walking and talking -- Something old, something new -- The love God hates -- Truth or consequences -- The pretenders -- Love or death -- Getting to the bottom of love -- Love, honor, and obey -- What do you know for sure? |
| 650 #0 - SUBJECT ADDED ENTRY--TOPICAL TERM | |
| Topical term or geographic name entry element | Christian life |
| 830 #0 - SERIES ADDED ENTRY--UNIFORM TITLE | |
| Uniform title | Input book |
| 942 ## - ADDED ENTRY ELEMENTS (KOHA) | |
| Source of classification or shelving scheme | Dewey Decimal Classification |
| Koha item type | Books |
No items available.
